1909 1728 1196 1847 1839 1558 1303 1748 1258 1677 1569 1657 1323 1223 1308 1924 1280 1684 1630 1340 1947 1235 1780 1384 1384 1708 1276 1422 1214 1938 1077 1740 1514 1834 1955 1613 1071 1151 1831 1889 1597 1169 1962 1473 1236 1700 1272 1671 1864 1931 1677 1720 1391 1598 1406 1437 1083 1877 1197 1221 1760 1748 1361 1820 1922 1042 1293 1346 1633 1906 1431 1042 1950 1560 1268 1581 1703 1061 1747 1288 1630 1266 1092 1608 1558 1766 1857 1504 1727 1953 1846 1023 1862 1612 1965 1276 1230 1519 1156 BCNSPRNW ULIB Ver.6.0+V

เปลี่ยนเป็นภาษาไทย

Change to English
 แสดงรายละเอียดบรรณานุกรม
  กลับหน้าหลัก

Brief Record : Get Marc (ISO 2709) : E-mail record : QR code < ปิดหน้าต่าง
LEADER : 00000nam 2200000uu 4500
001    13399110735
003     ULIB
008    110608s2553||||th 000 0 tha d
020    9789744141354
041 0  tha^heng
050  4 HD53^bอ963อ 2553
100 0  แอ็กเซลรอด, อลัน
245 10 อัจฉริยะพลิกโลก :^b102 ต้นแบบวิธีพัฒนาความคิดแบบอัจฉริยะ =Edison on innovation /^cผู้เขียน Alan Axelrod ; ผู้แปล สุฎางค์ เอกสุวรรณ
246 31 Edison on innovation
250    พิมพ์ครั้งที่ 1
260    กรุงเทพฯ :^bเอ็กซเปอร์เน็ท,^c2553
300     222 หน้า ;^c21 ซม.
500    แปลและเรียบเรียงจาก Edison on innovation : 102 lessons increativity for business and beyond
650  7 การจัดการ
650  7 การสร้างสรรค์ทางธุรกิจ
650  7 นวัตกรรมทางเทคโนโลยี
700 0  สุฎางค์ เอกสุวรรณ,^eผู้แปล
945    ^p200^l0^i18253
945    ^p200^l0^i18105
995    กัณชพร
999    ^aใช้งานได้ทุกระบบ
รายการนี้ยังไม่มีแท็ก
คุณยังไม่ได้ล็อกอิน คุณสามารถมีกิจกรรมร่วมกับเว็บไซต์ได้ แต่ต้องล็อกอินก่อน ::
  ล็อกอิน

รายการสื่อสารสนเทศ

ลำดับที่ ประเภท เลขเรียก/บาร์โค้ด สถานที่ สถานะ
- ไม่พบข้อมูล -

รายการใกล้เคียง
    ผู้แต่ง [แอ็กเซลรอด, อลัน]

    หัวเรื่อง [การจัดการ]
    หัวเรื่อง [การสร้างสรรค์ทางธุรกิจ]
    หัวเรื่อง [นวัตกรรมทางเทคโนโลยี]

BibComment


ยังไม่เคยถูกคอมเมนท์

คอมเมนท์ทรัพยากรรายการนี้
  คอมเมนท์: อัจฉริยะพลิกโลก ..


 Copyright 2026. Bcnsprnw @Library